[Event "20th EUR-ch"]
[Site "Skopje MKD"]
[Date "2019.03.24"]
[Round "6"]
[White "Bajrami, Zejno"]
[Black "Konstantinov, Aleksandar"]
[Result "0-1"]
[WhiteElo "1938"]
[BlackElo "2079"]
[EventDate "2019.03.18"]
[Board "178"]
[PlyCount "96"]

1.e4 e6 2.d4 d5 3.Bd3 dxe4 4.Bxe4 Nf6 5.Bf3 c5 6.Ne2 Be7 7.O-O O-O 8.Be3 
Nbd7 9.Nd2 Nd5 10.c4 Nxe3 11.fxe3 Bg5 12.Qb3 cxd4 13.Nxd4 Nc5 14.Qc3 e5 
15.N4b3 Qc7 16.Bd5 Na4 17.Qd3 Nxb2 18.Qe4 Na4 19.Nf3 Bf6 20.Rac1 Nb6 21.
Nfd2 Qe7 22.Qf3 Bg5 23.Ne4 Bh6 24.Rc2 Nxd5 25.cxd5 f5 26.d6 Qd8 27.Rcf2 
Be6 28.Nec5 Qxd6 29.Nxb7 Qb6 30.N3c5 e4 31.Qe2 Bd5 32.Nd7 Qxb7 33.Nxf8 
Rxf8 34.Rxf5 Rxf5 35.Rxf5 Qb1+ 36.Kf2 Qxa2 37.Qxa2 Bxa2 38.Ra5 Bb1 39.Rxa7
Bd3 40.g4 Bg5 41.Rb7 Kf8 42.Ra7 Be7 43.Rb7 Kf7 44.Ra7 Kf6 45.Rb7 Ke6 46.
Ra7 Bf6 47.Ra5 Kd6 48.Ke1 Bc3+ 0-1

[Event "20th EUR-ch"]
[Site "Skopje MKD"]
[Date "2019.03.25"]
[Round "7"]
[White "Esipenko, Andrei"]
[Black "Gelfand, Boris"]
[Result "1-0"]
[WhiteElo "2603"]
[BlackElo "2655"]
[EventDate "2019.03.18"]
[Board "4"]
[PlyCount "83"]

1.e4 c5 2.Nf3 Nc6 3.d4 cxd4 4.Nxd4 Nf6 5.Nc3 e5 6.Ndb5 d6 7.Nd5 Nxd5 8.
exd5 Nb8 9.a4 Be7 10.Be2 O-O 11.O-O Nd7 12.Bd2 a6 13.Na3 a5 14.c3 f5 15.f4
Nc5 16.Be3 exf4 17.Bxc5 dxc5 18.Rxf4 Bd6 19.Rf3 Qh4 20.Rh3 Qe7 21.Nc4 f4 
22.Bg4 Bf5 23.Bxf5 Rxf5 24.Rd3 f3 25.Rxf3 Bxh2+ 26.Kxh2 Qh4+ 27.Kg1 Rxf3 
28.Qxf3 Qxc4 29.Rf1 h6 30.Qf7+ Kh8 31.Re1 Qxa4 32.d6 Rd8 33.b3 Qg4 34.Re8+
Rxe8 35.Qxe8+ Kh7 36.d7 Qd1+ 37.Kh2 Qd6+ 38.g3 Qd2+ 39.Kh3 Qd5 40.d8=Q 
Qf5+ 41.Kg2 Qc2+ 42.Kf3 1-0

[Event "20th EUR-ch"]
[Site "Skopje MKD"]
[Date "2019.03.25"]
[Round "7"]
[White "Hracek, Zbynek"]
[Black "Zviagintsev, Vadim"]
[Result "1/2-1/2"]
[WhiteElo "2578"]
[BlackElo "2642"]
[EventDate "2019.03.18"]
[Board "5"]
[PlyCount "43"]

1.e4 c5 2.Nf3 Nc6 3.d4 cxd4 4.Nxd4 g6 5.c4 Nf6 6.Nc3 d6 7.Be2 Nxd4 8.Qxd4 
Bg7 9.Be3 O-O 10.Qd2 Be6 11.O-O Rc8 12.b3 Qa5 13.Rfc1 a6 14.Rab1 Rfe8 15.
f3 h5 16.b4 Qd8 17.Na4 Nd7 18.c5 Rb8 19.cxd6 exd6 20.Nc3 Nb6 21.Bd4 Rc8 
22.Rd1 1/2-1/2

[Event "20th EUR-ch"]
[Site "Skopje MKD"]
[Date "2019.03.25"]
[Round "7"]
[White "Can, Emre"]
[Black "Korobov, Anton"]
[Result "1/2-1/2"]
[WhiteElo "2586"]
[BlackElo "2686"]
[EventDate "2019.03.18"]
[Board "8"]
[PlyCount "59"]

1.d4 d5 2.c4 c6 3.Nf3 Nf6 4.e3 Bf5 5.Nc3 e6 6.Nh4 Be4 7.f3 Bg6 8.Bd2 Be7 
9.Nxg6 hxg6 10.Qb3 Qc7 11.cxd5 exd5 12.O-O-O Nbd7 13.Kb1 b5 14.Rc1 Qd6 15.
Be1 Rxh2 16.Rxh2 Qxh2 17.Ne2 Rc8 18.Bg3 Qh6 19.Nf4 g5 20.Nd3 Nb6 21.Ne5 
Nc4 22.Qc3 Nd7 23.Nxd7 Kxd7 24.Bxc4 bxc4 25.Qa5 Bd6 26.Bxd6 Qxd6 27.Qxa7+ 
Rc7 28.Qb8 Rc8 29.Qa7+ Rc7 30.Qb8 1/2-1/2

[Event "20th EUR-ch"]
[Site "Skopje MKD"]
[Date "2019.03.25"]
[Round "7"]
[White "Berkes, Ferenc"]
[Black "Bindrich, Falko"]
[Result "1/2-1/2"]
[WhiteElo "2666"]
[BlackElo "2610"]
[EventDate "2019.03.18"]
[Board "9"]
[PlyCount "94"]

1.d4 d5 2.c4 e6 3.Nc3 Nf6 4.cxd5 Nxd5 5.g3 c5 6.Bg2 Nxc3 7.bxc3 Nc6 8.Nf3 
cxd4 9.cxd4 Bb4+ 10.Bd2 Bxd2+ 11.Qxd2 O-O 12.O-O Bd7 13.Rfc1 Rc8 14.e3 Qa5
15.Qb2 b6 16.a3 Rfd8 17.h4 h6 18.Kh2 Be8 19.Nd2 Ne7 20.Ne4 Bc6 21.Qb4 Qxb4
22.axb4 Rd7 23.g4 Kf8 24.Ra3 Bd5 25.Rxc8+ Nxc8 26.Rc3 Ne7 27.b5 Ke8 28.h5 
Kd8 29.Kg3 f5 30.gxf5 exf5 31.Nd2 f4+ 32.Kh2 fxe3 33.fxe3 Bxg2 34.Kxg2 Rd5
35.Rb3 Rxh5 36.e4 Ng6 37.Rb1 Nf4+ 38.Kf3 g5 39.Kg4 Rh2 40.Nf3 Rg2+ 41.Kf5 
Rf2 42.Ne5 Ne2+ 43.Kg6 Rf4 44.Nc6+ Kc7 45.e5 Nxd4 46.Nxd4 Rxd4 47.Kf7 Rf4+
1/2-1/2

[Event "20th EUR-ch"]
[Site "Skopje MKD"]
[Date "2019.03.25"]
[Round "7"]
[White "Alexeenko, Kirill"]
[Black "Zhigalko, Sergei"]
[Result "1-0"]
[WhiteElo "2644"]
[BlackElo "2604"]
[EventDate "2019.03.18"]
[Board "10"]
[PlyCount "73"]

1.e4 e5 2.Nf3 Nc6 3.Bb5 Nf6 4.d3 Bc5 5.O-O Nd4 6.Nxd4 Bxd4 7.c3 Bb6 8.Ba4 
c6 9.Na3 d6 10.Bc2 O-O 11.Nc4 Bc7 12.Bg5 h6 13.Bh4 d5 14.Ne3 dxe4 15.dxe4 
Qxd1 16.Raxd1 g5 17.Bg3 Be6 18.f3 Nh5 19.Bf2 Nf4 20.Bb3 Rfd8 21.h4 Nd3 22.
Bxe6 fxe6 23.Ng4 Kg7 24.hxg5 h5 25.Nf6 Kg6 26.g4 hxg4 27.Nxg4 Kxg5 28.Be3+
Kg6 29.Rd2 c5 30.Rg2 Kf7 31.Nh6+ Ke8 32.Rg7 Bb6 33.Bg5 Nxb2 34.Ng4 Nd3 35.
Nf6+ Kf8 36.Rh7 c4+ 37.Kh2 1-0

[Event "20th EUR-ch"]
[Site "Skopje MKD"]
[Date "2019.03.25"]
[Round "7"]
[White "Anton Guijarro, David"]
[Black "Svane, Rasmus"]
[Result "1-0"]
[WhiteElo "2643"]
[BlackElo "2610"]
[EventDate "2019.03.18"]
[Board "11"]
[PlyCount "99"]

1.e4 e5 2.Nf3 Nc6 3.Bc4 Bc5 4.c3 Nf6 5.d4 exd4 6.e5 d5 7.Bb5 Ne4 8.cxd4 
Bb6 9.Nc3 O-O 10.Be3 Bg4 11.h3 Bh5 12.Qc2 Ba5 13.O-O Nxc3 14.bxc3 Bxf3 15.
gxf3 Qd7 16.Bxc6 Qxc6 17.f4 Qg6+ 18.Qxg6 fxg6 19.Rab1 Bb6 20.Kg2 Rae8 21.
Rfc1 c6 22.a4 Re7 23.c4 dxc4 24.Rxc4 Rd7 25.Kf3 Kf7 26.Ke4 Rfd8 27.h4 h5 
28.f5 gxf5+ 29.Kxf5 Rd5 30.Ke4 g6 31.f4 Rg8 32.Rcb4 Rd7 33.a5 Bxa5 34.Rxb7
Rd8 35.f5 gxf5+ 36.Kxf5 Ke8 37.Bg5 Bb6 38.Bxd8 Rxb7 39.Bf6 Rd7 40.Rg1 Rf7 
41.Rg8+ Rf8 42.Rg5 Kd7 43.Rxh5 Bxd4 44.Rh7+ Kc8 45.Ke4 Bc5 46.h5 a5 47.h6 
a4 48.Rg7 a3 49.h7 a2 50.e6 1-0

[Event "20th EUR-ch"]
[Site "Skopje MKD"]
[Date "2019.03.25"]
[Round "7"]
[White "Lysyi, Igor"]
[Black "Huzman, Alexander"]
[Result "1/2-1/2"]
[WhiteElo "2635"]
[BlackElo "2582"]
[EventDate "2019.03.18"]
[Board "12"]
[PlyCount "107"]

1.d4 Nf6 2.c4 e6 3.Nc3 Bb4 4.Qc2 d5 5.cxd5 Qxd5 6.e3 c5 7.Bd2 Bxc3 8.bxc3 
b6 9.f3 Nc6 10.e4 Qd8 11.Be3 Nd7 12.Bb5 Bb7 13.Qd2 O-O 14.Ne2 Qc8 15.Kf2 
Ba6 16.a4 Na5 17.Qa2 Bxb5 18.axb5 a6 19.bxa6 Rxa6 20.Qa4 Ra8 21.Qb5 Qc7 
22.Bf4 e5 23.Bg3 Nc6 24.d5 Na5 25.c4 Nf6 26.Rhb1 Rfb8 27.Nc3 Ne8 28.Qa4 f6
29.Kg1 Qd8 30.Nb5 Nb7 31.Qb3 Rxa1 32.Rxa1 Ned6 33.f4 Na5 34.Qd3 Nxb5 35.
cxb5 c4 36.Qc3 exf4 37.Bxf4 Rc8 38.Rd1 Qd7 39.e5 fxe5 40.Bxe5 Rc5 41.Qf3 
Nb3 42.Bc3 Rc8 43.d6 Nc5 44.Re1 Re8 45.Qd5+ Re6 46.Rd1 Kh8 47.Qc6 h6 48.
Qxb6 Nd3 49.Ra1 Rg6 50.Qd4 Qb7 51.g3 Qf3 52.d7 Rxg3+ 53.hxg3 Qxg3+ 54.Kf1 
1/2-1/2

[Event "20th EUR-ch"]
[Site "Skopje MKD"]
[Date "2019.03.25"]
[Round "7"]
[White "Alexandrov, Alexei"]
[Black "Rakhmanov, Alexander"]
[Result "1/2-1/2"]
[WhiteElo "2574"]
[BlackElo "2629"]
[EventDate "2019.03.18"]
[Board "13"]
[PlyCount "37"]

1.d4 e6 2.c4 Bb4+ 3.Nd2 Nf6 4.g3 c5 5.dxc5 O-O 6.Bg2 Bxc5 7.Nh3 d5 8.O-O 
Nc6 9.Nf4 Bb6 10.cxd5 exd5 11.b3 Bd4 12.Ba3 Bxa1 13.Bxf8 Be5 14.Bc5 Bf5 
15.Nd3 Bxd3 16.exd3 Bd4 17.Bxd4 Nxd4 18.Nf3 Qb6 19.Qd2 1/2-1/2

[Event "20th EUR-ch"]
[Site "Skopje MKD"]
[Date "2019.03.25"]
[Round "7"]
[White "Buhmann, Rainer"]
[Black "Bosiocic, Marin"]
[Result "1/2-1/2"]
[WhiteElo "2568"]
[BlackElo "2614"]
[EventDate "2019.03.18"]
[Board "14"]
[PlyCount "57"]

1.e4 e5 2.Nf3 Nc6 3.Bb5 a6 4.Ba4 Nf6 5.O-O Be7 6.Re1 b5 7.Bb3 d6 8.a4 Bg4 
9.c3 O-O 10.h3 Bh5 11.d3 Na5 12.Bc2 c5 13.Nbd2 b4 14.Nf1 Rb8 15.Ng3 Bg6 
16.Qe2 b3 17.Bd1 Re8 18.Nh4 d5 19.exd5 Qxd5 20.Nxg6 hxg6 21.Qf1 Rbd8 22.
Bf3 Qd6 23.Bg5 Nd5 24.Ne4 Qc7 25.Bc1 f5 26.Ng5 Bf6 27.h4 Qd7 28.g3 Nc7 29.
Be2 1/2-1/2

[Event "20th EUR-ch"]
[Site "Skopje MKD"]
[Date "2019.03.25"]
[Round "7"]
[White "Chigaev, Maxim"]
[Black "Sychev, Klementy"]
[Result "1/2-1/2"]
[WhiteElo "2613"]
[BlackElo "2545"]
[EventDate "2019.03.18"]
[Board "15"]
[PlyCount "79"]

1.e4 c5 2.Nf3 d6 3.d4 Nf6 4.Nc3 cxd4 5.Nxd4 a6 6.h3 g6 7.g4 Nc6 8.Nxc6 
bxc6 9.Bg2 Qc7 10.b3 Bg7 11.Bb2 O-O 12.O-O e5 13.Ne2 Be6 14.c4 Rad8 15.Qc2
h5 16.g5 Nh7 17.f4 f6 18.gxf6 Bxf6 19.Kh1 Kh8 20.Rad1 Bg7 21.Rd3 Qe7 22.
Qd2 c5 23.Rd1 Qh4 24.fxe5 Ng5 25.exd6 Rf2 26.Rg3 Bxb2 27.Rxg5 Bxh3 28.
Qxb2+ Kh7 29.Qe5 Rdf8 30.Kg1 Bxg2 31.Ng3 R8f7 32.d7 Bf3 33.Qh8+ Kxh8 34.
d8=Q+ Kh7 35.Rxh5+ Qxh5 36.Nxh5 Bxh5 37.Rd7 Rf1+ 38.Kg2 Rf2+ 39.Kg3 Rf3+ 
40.Kh2 1/2-1/2

[Event "20th EUR-ch"]
[Site "Skopje MKD"]
[Date "2019.03.25"]
[Round "7"]
[White "Lupulescu, Constantin"]
[Black "Christiansen, Johan-Sebastian"]
[Result "1/2-1/2"]
[WhiteElo "2611"]
[BlackElo "2539"]
[EventDate "2019.03.18"]
[Board "16"]
[PlyCount "171"]

1.Nf3 d5 2.e3 Nf6 3.c4 e6 4.Nc3 dxc4 5.Bxc4 a6 6.O-O b5 7.Bb3 Bb7 8.d4 
Nbd7 9.e4 b4 10.e5 bxc3 11.exf6 Qxf6 12.bxc3 Bd6 13.d5 O-O 14.dxe6 fxe6 
15.Ng5 Nc5 16.Bc2 h6 17.Qh5 Qxc3 18.Bh7+ Kh8 19.Be3 Qe5 20.Bg6 Qd5 21.Qg4 
Qxg2+ 22.Qxg2 Bxg2 23.Kxg2 hxg5 24.Rac1 Nd7 25.Bxg5 Ne5 26.Be4 Rab8 27.Rb1
Ng4 28.f3 Ne5 29.Rfc1 Kg8 30.Be3 Kf7 31.Ba7 Rb5 32.Rxb5 axb5 33.Bc5 Nc4 
34.Bf2 Rh8 35.h4 Ne5 36.Bg3 Kf6 37.Rb1 b4 38.Rc1 Nf7 39.Bf2 Ke7 40.Rc2 g5 
41.hxg5 Nxg5 42.Bc6 Kf7 43.Bg1 Rh3 44.Kf1 Ke7 45.Ke2 Rh1 46.Be3 Nf7 47.Be4
Rh5 48.Bg6 Ra5 49.Bd3 Ne5 50.Be4 c5 51.f4 Ng4 52.f5 Nxe3 53.Kxe3 Ra3+ 54.
Ke2 Bf4 55.Kf1 exf5 56.Bxf5 Kd6 57.Bh7 Rh3 58.Bg8 Rh1+ 59.Ke2 Be5 60.Rd2+ 
Bd4 61.Bc4 Rc1 62.Bb3 Rh1 63.Bc4 Kc6 64.Rd3 Kb6 65.a3 Rc1 66.Bf7 Bc3 67.
axb4 Bxb4 68.Rd6+ Kc7 69.Rd1 Rc2+ 70.Kd3 Rf2 71.Bc4 Rf4 72.Rc1 Rd4+ 73.Ke2
Kb6 74.Bd3 Rh4 75.Rc4 Rh2+ 76.Ke3 Ka5 77.Rc2 Rh3+ 78.Ke4 Ka4 79.Bc4 Bc3 
80.Be6 Rg3 81.Ra2+ Kb5 82.Ra3 c4 83.Ra8 Bf6 84.Rb8+ Kc5 85.Rc8+ Kd6 86.
Bxc4 1/2-1/2

[Event "20th EUR-ch"]
[Site "Skopje MKD"]
[Date "2019.03.25"]
[Round "7"]
[White "Santos Latasa, Jaime"]
[Black "Cheparinov, Ivan"]
[Result "0-1"]
[WhiteElo "2582"]
[BlackElo "2683"]
[EventDate "2019.03.18"]
[Board "19"]
[PlyCount "86"]

1.d4 Nf6 2.c4 g6 3.g3 c6 4.Bg2 d5 5.cxd5 cxd5 6.Nc3 Bg7 7.Nf3 O-O 8.Ne5 
Bf5 9.O-O Ne4 10.Qb3 Nc6 11.Nxc6 bxc6 12.Nxe4 dxe4 13.Rd1 Qb6 14.Qxb6 axb6
15.Be3 Rfd8 16.f3 exf3 17.Bxf3 Rd6 18.a3 Rad8 19.Rdc1 Re6 20.Bf2 Rxd4 21.
Rxc6 Rxc6 22.Bxc6 Rd6 23.e4 Bh3 24.Ba4 Bxb2 25.Rd1 Bxa3 26.Rxd6 exd6 27.
Bxb6 Bc5+ 28.Bxc5 dxc5 29.Kf2 f6 30.Kf3 Kf7 31.g4 Bf1 32.h4 g5 33.hxg5 
fxg5 34.Kf2 Bc4 35.Ke3 Kf6 36.Bd1 Ke5 37.Bf3 h6 38.Bd1 Ba2 39.Bc2 c4 40.
Ba4 Bb1 41.Bc6 c3 42.Bb7 c2 43.Kd2 Kf4 0-1

[Event "20th EUR-ch"]
[Site "Skopje MKD"]
[Date "2019.03.25"]
[Round "7"]
[White "Nisipeanu, Liviu-Dieter"]
[Black "Rozum, Ivan"]
[Result "1/2-1/2"]
[WhiteElo "2670"]
[BlackElo "2573"]
[EventDate "2019.03.18"]
[Board "20"]
[PlyCount "31"]

1.e4 c6 2.d4 d5 3.e5 Bf5 4.h4 h5 5.Bd3 Bxd3 6.Qxd3 Qa5+ 7.Bd2 Qa6 8.Qxa6 
Nxa6 9.e6 f6 10.Bf4 O-O-O 11.Nd2 Nh6 12.Nh3 Nf5 13.Nf3 g6 14.Kf1 Nc7 15.
Re1 Nd6 16.Nd2 1/2-1/2

[Event "20th EUR-ch"]
[Site "Skopje MKD"]
[Date "2019.03.25"]
[Round "7"]
[White "Djukic, Nikola"]
[Black "Ponomariov, Ruslan"]
[Result "1/2-1/2"]
[WhiteElo "2572"]
[BlackElo "2667"]
[EventDate "2019.03.18"]
[Board "21"]
[PlyCount "78"]

1.e4 c5 2.Nf3 Nc6 3.d4 cxd4 4.Nxd4 Nf6 5.Nc3 e5 6.Ndb5 d6 7.Bg5 a6 8.Na3 
b5 9.Nd5 Be7 10.Bxf6 Bxf6 11.c3 Bg5 12.Nc2 Rb8 13.Qd3 O-O 14.Be2 Be6 15.
Rd1 a5 16.O-O b4 17.cxb4 axb4 18.a3 b3 19.Ncb4 Nd4 20.f4 Bh6 21.Qe3 Rc8 
22.Rxd4 exd4 23.Qxd4 Kh8 24.Ba6 Rc5 25.Nd3 Ra5 26.Bc4 Qb8 27.N3b4 Qc8 28.
Bxb3 Qc5 29.Qxc5 dxc5 30.Nd3 g6 31.Bc4 Bg7 32.e5 Ra4 33.b3 Rxa3 34.Nxc5 
Bxd5 35.Bxd5 Ra5 36.Rc1 Rc8 37.b4 Rb5 38.Rc4 Bf8 39.Nd3 Rxc4 1/2-1/2

[Event "20th EUR-ch"]
[Site "Skopje MKD"]
[Date "2019.03.25"]
[Round "7"]
[White "Dreev, Alexei"]
[Black "Wagner, Dennis"]
[Result "1/2-1/2"]
[WhiteElo "2662"]
[BlackElo "2580"]
[EventDate "2019.03.18"]
[Board "22"]
[PlyCount "69"]

1.d4 e6 2.c4 b6 3.Nf3 Bb7 4.Nc3 Nf6 5.a3 d5 6.Bg5 Be7 7.Qa4+ Qd7 8.Qb3 
dxc4 9.Qxc4 O-O 10.Rd1 Rc8 11.Qb3 Nd5 12.Ne4 h6 13.Bd2 Nf6 14.Nc3 Qe8 15.
Bf4 Nbd7 16.e3 c5 17.Bc4 cxd4 18.exd4 a6 19.a4 b5 20.axb5 Nb6 21.Be2 Nfd5 
22.bxa6 Bxa6 23.Bxa6 Rxa6 24.Bd2 Nc4 25.Nxd5 exd5 26.O-O Rb6 27.Qd3 Nxb2 
28.Qb1 Bf6 29.Rde1 Qd7 30.Bf4 Nc4 31.Qd3 Re8 32.h3 Rbe6 33.Qf5 g6 34.Qb1 
Kg7 35.Rxe6 1/2-1/2

[Event "20th EUR-ch"]
[Site "Skopje MKD"]
[Date "2019.03.25"]
[Round "7"]
[White "Maze, Sebastien"]
[Black "Safarli, Eltaj"]
[Result "1/2-1/2"]
[WhiteElo "2578"]
[BlackElo "2662"]
[EventDate "2019.03.18"]
[Board "23"]
[PlyCount "31"]

1.Nf3 c5 2.c4 Nc6 3.d4 cxd4 4.Nxd4 Nf6 5.Nc3 e6 6.g3 Bc5 7.Nb3 Be7 8.Bg2 
O-O 9.O-O d6 10.Bf4 h6 11.Qd2 g5 12.Be3 Ne5 13.Qd4 Nc6 14.Qd2 Ne5 15.Qd4 
Nc6 16.Qd2 1/2-1/2

[Event "20th EUR-ch"]
[Site "Skopje MKD"]
[Date "2019.03.25"]
[Round "7"]
[White "Petrosian, Manuel"]
[Black "Melkumian, Hrant"]
[Result "1/2-1/2"]
[WhiteElo "2564"]
[BlackElo "2661"]
[EventDate "2019.03.18"]
[Board "24"]
[PlyCount "83"]

1.d4 Nf6 2.c4 e6 3.Nf3 d5 4.e3 a6 5.b3 b6 6.Bb2 Bb7 7.Nbd2 Bd6 8.Bd3 O-O 
9.O-O Ne4 10.Qc2 f5 11.cxd5 exd5 12.Ne5 c5 13.dxc5 Bxe5 14.Bxe5 Nxd2 15.
Qxd2 bxc5 16.Rac1 Qe7 17.Bb2 Nd7 18.Rfd1 Rac8 19.Bc4 Nb6 20.Be2 Rfd8 21.
Bf3 Rd6 22.b4 c4 23.Bd4 Nd7 24.Qc3 Re6 25.g3 Ne5 26.Bxe5 Rxe5 27.Rd4 h6 
28.Rcd1 Rd8 29.h4 Bc6 30.h5 Kh7 31.Qa3 Qc7 32.Qc3 Qe7 33.R1d2 Qc7 34.a3 
Qe7 35.Bd1 Rd6 36.Be2 Rde6 37.Rf4 Kh8 38.Bf3 Rf6 39.Rfd4 Rd6 40.Qc2 Qe8 
41.Be2 Rd7 42.Qc3 1/2-1/2

[Event "20th EUR-ch"]
[Site "Skopje MKD"]
[Date "2019.03.25"]
[Round "7"]
[White "Martinovic, Sasa"]
[Black "Kovalenko, Igor"]
[Result "1/2-1/2"]
[WhiteElo "2558"]
[BlackElo "2658"]
[EventDate "2019.03.18"]
[Board "25"]
[PlyCount "93"]

1.d4 Nf6 2.c4 g6 3.Nc3 Bg7 4.e4 d6 5.f3 O-O 6.Be3 Nc6 7.Qd2 a6 8.b3 e5 9.
d5 Nd4 10.Nge2 Nxe2 11.Bxe2 Nh5 12.O-O Nf4 13.Rfc1 f5 14.Bf1 fxe4 15.Nxe4 
Bf5 16.g3 Nh5 17.c5 Bxe4 18.fxe4 Nf6 19.Rc4 dxc5 20.Bxc5 b5 21.Bxf8 bxc4 
22.Bxg7 Kxg7 23.Rc1 cxb3 24.axb3 Qe7 25.Rc6 Rf8 26.Qc3 Ne8 27.Re6 Qf7 28.
Bg2 Qf2+ 29.Kh1 Kg8 30.h3 Ng7 31.Rxa6 Nh5 32.Kh2 Qe2 33.Ra1 Rf2 34.Rg1 
Qxe4 35.Qxc7 Qe3 36.Qd8+ Kg7 37.Qe7+ Rf7 38.Qh4 Qxb3 39.Qg5 Qb2 40.Re1 Rf5
41.Qe3 e4 42.Re2 Qb8 43.Bxe4 Re5 44.Qd3 Qd6 45.Re3 Nf6 46.Bg2 h5 47.Rxe5 
1/2-1/2

[Event "20th EUR-ch"]
[Site "Skopje MKD"]
[Date "2019.03.25"]
[Round "7"]
[White "Moiseenko, Olexandr"]
[Black "Meskovs, Nikita"]
[Result "1/2-1/2"]
[WhiteElo "2648"]
[BlackElo "2568"]
[EventDate "2019.03.18"]
[Board "26"]
[PlyCount "89"]

1.d4 Nf6 2.c4 e6 3.Nc3 Bb4 4.Nf3 d5 5.Qa4+ Nc6 6.e3 O-O 7.Bd2 Bd7 8.Qc2 
dxc4 9.Bxc4 Bd6 10.O-O e5 11.dxe5 Nxe5 12.Nxe5 Bxe5 13.f4 Bxc3 14.Bxc3 Qe7
15.Bxf6 Qxf6 16.e4 Rad8 17.e5 Bf5 18.exf6 Bxc2 19.Rac1 Bf5 20.fxg7 Kxg7 
21.Rfd1 Bg4 22.Rd3 Rxd3 23.Bxd3 Rd8 24.Rc3 Be6 25.a3 Rd4 26.b4 b6 27.Kf2 
c5 28.bxc5 bxc5 29.Ke3 Ra4 30.Bc2 Ra5 31.f5 Ba2 32.g4 h6 33.h4 c4 34.Kd4 
Bb3 35.Bxb3 cxb3 36.Rxb3 h5 37.Ke3 Kf6 38.Kf3 Ra4 39.Rb4 Rxa3+ 40.Kf4 hxg4
41.Kxg4 Ra1 42.Rc4 Rg1+ 43.Kf4 Rf1+ 44.Kg4 Rg1+ 45.Kf4 1/2-1/2

[Event "20th EUR-ch"]
[Site "Skopje MKD"]
[Date "2019.03.25"]
[Round "7"]
[White "Kulaots, Kaido"]
[Black "Kuzubov, Yuriy"]
[Result "1/2-1/2"]
[WhiteElo "2544"]
[BlackElo "2644"]
[EventDate "2019.03.18"]
[Board "27"]
[PlyCount "58"]

1.Nf3 d5 2.g3 c5 3.Bg2 Nf6 4.O-O e6 5.d4 cxd4 6.Nxd4 e5 7.Nb3 Be7 8.Bg5 
Nbd7 9.c4 dxc4 10.N3d2 Nb6 11.a4 a5 12.Na3 Bxa3 13.Rxa3 Qc7 14.Bxf6 gxf6 
15.Rc3 Be6 16.b3 O-O 17.Nxc4 Rac8 18.Qc1 Kg7 19.g4 h6 20.Be4 Nxc4 21.bxc4 
b6 22.Rd1 Rfd8 23.Rxd8 Rxd8 24.Bd5 Qd7 25.Bxe6 Qxe6 26.h3 Rd4 27.Qc2 Qd7 
28.Rd3 Rxd3 29.exd3 Qd4 1/2-1/2

[Event "20th EUR-ch"]
[Site "Skopje MKD"]
[Date "2019.03.25"]
[Round "7"]
[White "Alexeev, Evgeny"]
[Black "Moroni, Luca jr"]
[Result "1-0"]
[WhiteElo "2640"]
[BlackElo "2564"]
[EventDate "2019.03.18"]
[Board "28"]
[PlyCount "109"]

1.e4 e5 2.Nf3 Nc6 3.Bc4 Bc5 4.O-O Nf6 5.d3 d6 6.c3 a6 7.Bb3 h6 8.Be3 O-O 
9.Nbd2 Qe7 10.h3 Bxe3 11.fxe3 Be6 12.Bc2 Rad8 13.Qe1 g6 14.d4 Bc8 15.Qh4 
Kg7 16.Rf2 Rde8 17.Raf1 Nh7 18.Qg3 Bd7 19.b4 Nd8 20.a4 Bc8 21.a5 Bd7 22.
Bd3 Nc6 23.Rc1 Nf6 24.Qh4 d5 25.Re1 dxe4 26.Nxe4 Nxe4 27.Qxe7 Rxe7 28.Bxe4
exd4 29.exd4 f5 30.Bd5 Rfe8 31.Rxe7+ Rxe7 32.Rc2 Re3 33.Kf2 f4 34.Nd2 g5 
35.Nc4 Re7 36.Bf3 Be8 37.d5 Nd8 38.d6 cxd6 39.Nxd6 Bg6 40.Rd2 Rc7 41.Nb5 
axb5 42.Rxd8 Bf5 43.Rd5 Bd7 44.Rc5 Bc6 45.c4 Rd7 46.cxb5 Bxf3 47.gxf3 Rd2+
48.Ke1 Rb2 49.Rc7+ Kf6 50.Rxb7 Ke5 51.a6 Kd4 52.a7 Ra2 53.b6 Kc3 54.Rc7+ 
Kd3 55.Rd7+ 1-0

[Event "20th EUR-ch"]
[Site "Skopje MKD"]
[Date "2019.03.25"]
[Round "7"]
[White "Grigoriants, Sergey"]
[Black "Yilmaz, Mustafa"]
[Result "1/2-1/2"]
[WhiteElo "2543"]
[BlackElo "2636"]
[EventDate "2019.03.18"]
[Board "29"]
[PlyCount "219"]

1.c4 e6 2.Nc3 d5 3.d4 Nf6 4.Nf3 Bb4 5.e3 O-O 6.Bd3 c5 7.O-O cxd4 8.exd4 
dxc4 9.Bxc4 b6 10.Bg5 Bb7 11.Re1 Nbd7 12.Rc1 Rc8 13.Qb3 Be7 14.Ne5 Nxe5 
15.dxe5 Nd7 16.Bxe7 Qxe7 17.Nb5 Rc5 18.f4 Bd5 19.Nd6 f6 20.Bxd5 Rxd5 21.
Nf5 Qe8 22.Qg3 g6 23.Rc8 Qxc8 24.Ne7+ Kf7 25.Nxc8 Rxc8 26.Qh3 Nf8 27.exf6 
Kxf6 28.Qa3 Rd7 29.Re2 Kf7 30.g3 Rc5 31.Qe3 Rd6 32.Rd2 Rxd2 33.Qxd2 Rd5 
34.Qc3 h5 35.Kf2 Rd7 36.Kf3 Rd5 37.Qc7+ Rd7 38.Qc3 Rd5 39.h3 Rd7 40.g4 
hxg4+ 41.hxg4 Ke8 42.b4 Kf7 43.a4 Rd6 44.Qc4 Ke7 45.Kg3 Rd7 46.Kh4 Kf6 47.
Qc3+ Kf7 48.Qc8 Re7 49.Kg5 Rd7 50.Kh6 Re7 51.Kg5 Rd7 52.Kh4 Ke7 53.Qb8 Kf7
54.Kg3 Rd3+ 55.Kf2 Rd7 56.Ke3 Ke7 57.Qc8 Kf7 58.Qc6 Ke7 59.Ke4 Kf7 60.Qc4 
Kf6 61.Qc3+ Kf7 62.Qh8 Rd1 63.Ke3 Rd7 64.Qh1 Ke7 65.Qc6 Rd6 66.Qc3 Kf7 67.
Kf2 Rd7 68.Kg3 Re7 69.Kh4 Rd7 70.Kg5 Nh7+ 71.Kh6 Nf8 72.Qg7+ Ke8 73.Qg8 
Rf7 74.Kg5 Rh7 75.Kf6 Re7 76.g5 Rd7 77.a5 bxa5 78.bxa5 Re7 79.f5 exf5 80.
Qd5 Re6+ 81.Kg7 Re7+ 82.Kg8 Ne6 83.Qc6+ Kd8 84.Qa8+ Kd7 85.Qxa7+ Nc7 86.
Qd4+ Kc8 87.a6 Re6 88.a7 Kb7 89.Kf7 Rb6 90.Qa4 Ra6 91.Qd7 f4 92.a8=Q+ Rxa8
93.Kxg6 f3 94.Qg4 Kc6 95.Qxf3+ Kd6 96.Kf7 Nd5 97.Qg3+ Kc6 98.g6 Ra7+ 99.
Kf8 Ra8+ 100.Kf7 Ra7+ 101.Ke6 Re7+ 102.Kf5 Re3 103.Qg2 Kd6 104.g7 Re5+ 
105.Kg4 Ne3+ 106.Kf3 Nxg2 107.g8=Q Ne3 108.Qb8+ Ke6 109.Qxe5+ Kxe5 110.
Kxe3 1/2-1/2

[Event "20th EUR-ch"]
[Site "Skopje MKD"]
[Date "2019.03.25"]
[Round "7"]
[White "Hovhannisian, Robert"]
[Black "Santos Ruiz, Miguel"]
[Result "1/2-1/2"]
[WhiteElo "2634"]
[BlackElo "2560"]
[EventDate "2019.03.18"]
[Board "30"]
[PlyCount "62"]

1.e4 e5 2.Nf3 Nc6 3.Bb5 a6 4.Ba4 Nf6 5.Nc3 d6 6.Bxc6+ bxc6 7.d4 exd4 8.
Nxd4 c5 9.Nc6 Qd7 10.Na5 Be7 11.O-O O-O 12.Bf4 Re8 13.e5 dxe5 14.Bxe5 Qf5 
15.Re1 Be6 16.Bxc7 Rac8 17.Bg3 Red8 18.Qc1 Nh5 19.Nc4 Nxg3 20.hxg3 Bg5 21.
Ne3 Qg6 22.Re2 Rb8 23.Rb1 h6 24.b3 h5 25.Qa3 Rb4 26.Na4 Bxe3 27.Rxe3 Qxc2 
28.Qc1 Rd2 29.Rc3 Qxc1+ 30.Rbxc1 Rxa2 31.Nxc5 Rb6 1/2-1/2

[Event "20th EUR-ch"]
[Site "Skopje MKD"]
[Date "2019.03.25"]
[Round "7"]
[White "Stupak, Kirill"]
[Black "Fridman, Daniel"]
[Result "1/2-1/2"]
[WhiteElo "2537"]
[BlackElo "2633"]
[EventDate "2019.03.18"]
[Board "31"]
[PlyCount "65"]

1.d4 d5 2.Nf3 Nf6 3.c4 e6 4.Nc3 Be7 5.Bg5 h6 6.Bh4 O-O 7.e3 Ne4 8.Bxe7 
Qxe7 9.Rc1 c6 10.Bd3 Nxc3 11.Rxc3 dxc4 12.Bxc4 Nd7 13.O-O b6 14.Bd3 c5 15.
Bb5 Rd8 16.Bc6 Rb8 17.Bxd7 Bxd7 18.Qe2 cxd4 19.Nxd4 Rbc8 20.Rxc8 Rxc8 21.
h3 e5 22.Nf3 Qc5 23.Rd1 Be6 24.b3 b5 25.Qd2 b4 26.Qd6 Qxd6 27.Rxd6 Rc1+ 
28.Kh2 Ra1 29.Rd2 f6 30.Rd6 Bf7 31.Rd8+ Kh7 32.Rd7 Kg8 33.Rd8+ 1/2-1/2

[Event "20th EUR-ch"]
[Site "Skopje MKD"]
[Date "2019.03.25"]
[Round "7"]
[White "Movsesian, Sergei"]
[Black "Lomasov, Semyon"]
[Result "1-0"]
[WhiteElo "2627"]
[BlackElo "2559"]
[EventDate "2019.03.18"]
[Board "32"]
[PlyCount "65"]

1.e4 e5 2.Nf3 Nc6 3.Bc4 Nf6 4.d3 h6 5.a4 d6 6.Nc3 g5 7.Ne2 g4 8.Nd2 d5 9.
exd5 Nxd5 10.Ne4 Be7 11.O-O f5 12.N4c3 Be6 13.Bb5 Nxc3 14.bxc3 Qd7 15.a5 
a6 16.Ba4 O-O-O 17.Bb2 Bc5 18.Qc1 f4 19.Ba3 Ba7 20.Qb2 g3 21.hxg3 fxg3 22.
Nxg3 Qg7 23.Bxc6 bxc6 24.Rab1 Kd7 25.Qb7 Qxg3 26.Qxa7 Qh4 27.Rb7 Rc8 28.
Qc5 Bd5 29.Qd6+ Ke8 30.Qxe5+ Kf7 31.Re1 Qg4 32.Rxc7+ Kg8 33.Qe8+ 1-0

[Event "20th EUR-ch"]
[Site "Skopje MKD"]
[Date "2019.03.25"]
[Round "7"]
[White "Paravian, David"]
[Black "Dimitrov, Radoslav"]
[Result "1-0"]
[WhiteElo "2627"]
[BlackElo "2533"]
[EventDate "2019.03.18"]
[Board "33"]
[PlyCount "63"]

1.e4 Nf6 2.e5 Nd5 3.d4 d6 4.Nf3 g6 5.Bc4 Nb6 6.Bb3 Bg7 7.Ng5 d5 8.O-O h6 
9.Nf3 Nc6 10.c3 Bf5 11.Nh4 e6 12.Nxf5 exf5 13.Nd2 Qd7 14.Bc2 Nd8 15.a4 Ne6
16.f4 h5 17.a5 Nc8 18.Nf3 O-O 19.Be3 Ne7 20.h3 b6 21.Nh4 f6 22.axb6 cxb6 
23.Kh1 Qe8 24.Qe2 Qf7 25.g4 hxg4 26.hxg4 fxe5 27.gxf5 Qf6 28.Nxg6 Nxg6 29.
Qh2 Qh4 30.Qxh4 Nxh4 31.fxe5 Nc5 32.Rf4 1-0

[Event "20th EUR-ch"]
[Site "Skopje MKD"]
[Date "2019.03.25"]
[Round "7"]
[White "Lobanov, Sergei"]
[Black "Onischuk, Volodymyr"]
[Result "0-1"]
[WhiteElo "2526"]
[BlackElo "2626"]
[EventDate "2019.03.18"]
[Board "34"]
[PlyCount "68"]

1.e4 d6 2.d4 Nf6 3.Nc3 g6 4.f4 Bg7 5.Nf3 O-O 6.Bd3 Na6 7.O-O c5 8.d5 Rb8 
9.f5 gxf5 10.exf5 Nb4 11.Ng5 h6 12.Nge4 e6 13.dxe6 fxe6 14.Bf4 Nxe4 15.
Nxe4 e5 16.Be3 Bxf5 17.Nf6+ Rxf6 18.Bxf5 Qe7 19.c3 Nc6 20.Qd5+ Kh8 21.Bd3 
Rbf8 22.Rxf6 Rxf6 23.Qe4 Bf8 24.Rd1 Qf7 25.Bc2 d5 26.Qh4 e4 27.h3 Ne5 28.
b4 Be7 29.Qe1 Nf3+ 30.gxf3 Rg6+ 31.Kf1 Qxf3+ 32.Bf2 Qxh3+ 33.Ke2 Qf3+ 34.
Kf1 Rg3 0-1